[Event "Voronezh op-B 23rd"]
[Site "Voronezh"]
[Date "2019.06.19"]
[Round "8"]
[White "Kuznetsov, Sergei"]
[Black "Vasiliev, Maxim"]
[Result "1/2-1/2"]
[WhiteElo "2071"]
[BlackElo "1898"]
[PlyCount "128"]
[EventDate "2019.06.12"]
[EventType "swiss"]
[EventRounds "9"]
[EventCountry "RUS"]
[SourceTitle "CBM 191 Extra"]
[Source "ChessBase"]
[SourceDate "2019.09.30"]
[SourceVersion "1"]
[SourceVersionDate "2019.09.30"]
[SourceQuality "1"]

1. d4 Nf6 2. c4 c5 3. d5 b5 4. cxb5 a6 5. bxa6 g6 6. g3 Bg7 7. Bg2 d6 8. Nh3 0-0 9. 0-0 Nbd7 10. Re1 Bxa6 11. f3 Qb6 12. Nc3 Rfb8 13. Nf2 Ne8 14. Qc2 Nc7 15. f4 Bc8 16. h3 Nb5 17. e3 Nf6 18. g4 h5 19. Bf3 Bb7 20. Nxb5 Qxb5 21. e4 hxg4 22. hxg4 Nd7 23. Nd1 Bc8 24. Kg2 Ra7 25. Bd2 Bxb2 26. Rb1 Rxa2 27. Be2 Bd4 28. Rxb5 Rxc2 29. Rxb8 Nxb8 30. Be3 Bxg4 31. Kf1 Bxe2+ 32. Rxe2 Rxe2 33. Kxe2 Bxe3 34. Nxe3 Nd7 35. Nc4 Kg7 36. e5 dxe5 37. fxe5 g5 38. Kf3 Kg6 39. Ke4 g4 40. Kf4 Kh5 41. Ne3 g3 42. Kxg3 Nxe5 43. Kf4 Nd7 44. Nf5 Nb6 45. Nxe7 c4 46. d6 c3 47. Ke3 Nc4+ 48. Kd3 Nxd6 49. Kxc3 Kg5 50. Kd3 Kf4 51. Ke2 Kg4 52. Nd5 Ne4 53. Ne3+ Kf4 54. Nd5+ Ke5 55. Ne3 Nc3+ 56. Kf3 Nd5 57. Ng4+ Ke6 58. Nh6 f6 59. Ng4 f5 60. Nh6 f4 61. Ke4 Kf6 62. Kxd5 f3 63. Ke4 Kg5 64. Kxf3 Kxh6 1/2-1/2

[Event "Voronezh op-B 23rd"]
[Site "Voronezh"]
[Date "2019.06.15"]
[Round "4"]
[White "Manukovsky, Vladimir"]
[Black "Vasiliev, Maxim"]
[Result "1-0"]
[WhiteElo "2107"]
[BlackElo "1898"]
[PlyCount "107"]
[EventDate "2019.06.12"]
[EventType "swiss"]
[EventRounds "9"]
[EventCountry "RUS"]
[SourceTitle "EXT 2020"]
[Source "ChessBase"]
[SourceDate "2019.10.17"]
[SourceVersion "1"]
[SourceVersionDate "2019.10.17"]
[SourceQuality "1"]

1. e4 c5 2. Nc3 Nc6 3. f4 g6 4. Nf3 Bg7 5. Bc4 e6 6. 0-0 Nge7 7. d3 d5 8. Bb3 0-0 9. Qe1 Nd4 10. Nxd4 cxd4 11. Ne2 dxe4 12. dxe4 Bd7 13. Bd2 Bc6 14. Ng3 Bb5 15. Rf3 a5 16. a4 Ba6 17. Bxa5 Qd7 18. Bb4 Rfc8 19. Rd1 Nc6 20. Ba3 Qc7 21. e5 d3 22. Qf2 Na5 23. Ne4 dxc2 24. Rc1 Nxb3 25. Rxb3 Qc4 26. Re3 Qxa4 27. Nc3 Qd4 28. Rxc2 Bd3 29. Ne2 Bxe2 30. Rcxe2 b5 31. Qe1 Qxf4 32. g3 Qd4 33. Kg2 Bh6 34. Rf3 Rc1 35. Qf2 Qd5 36. Kh3 Rc7 37. Bd6 Rb7 38. Rc3 b4 39. Rc5 Qd3 40. Rec2 Qf5+ 41. Qxf5 gxf5 42. Rc8+ Rxc8 43. Rxc8+ Kg7 44. Kh4 f6 45. Kh5 Bc1 46. Rxc1 fxe5 47. Bxe5+ Kf7 48. Kh6 Rb5 49. Rc7+ Ke8 50. Bf6 e5 51. Rxh7 e4 52. Kg6 Rb6 53. Re7+ Kf8 54. Re5 1-0

[Event "Minsk rapid op3"]
[Site "Minsk"]
[Date "2018.06.29"]
[Round "3"]
[White "Pankratov, Oleg"]
[Black "Vasiliev, Maxim"]
[Result "1-0"]
[WhiteElo "2294"]
[BlackElo "2010"]
[PlyCount "116"]
[EventDate "2018.06.29"]
[EventType "swiss (rapid)"]
[EventRounds "9"]
[EventCountry "BLR"]
[SourceTitle "EXT 2021"]
[Source "ChessBase"]
[SourceDate "2020.10.23"]
[SourceVersion "1"]
[SourceVersionDate "2020.10.23"]
[SourceQuality "1"]

1. Nf3 Nf6 2. g3 b5 3. Bg2 Bb7 4. 0-0 e6 5. b3 c5 6. Bb2 Be7 7. d3 0-0 8. c4 a6 9. e3 d5 10. Qe2 Nc6 11. Nbd2 Qb6 12. Rab1 Rfd8 13. Rfd1 dxc4 14. dxc4 Nb4 15. a3 Nc6 16. Ba1 b4 17. a4 Rd7 18. h3 Rad8 19. g4 h6 20. g5 hxg5 21. Nxg5 Na5 22. Nde4 Nxe4 23. Nxe4 f5 24. Rxd7 Rxd7 25. Ng3 Bxg2 26. Kxg2 Qd6 27. Qf3 Qd3 28. Qa8+ Kf7 29. Rg1 Nxb3 30. Bxg7 f4 31. Nh5 Qf5 32. Qf3 e5 33. e4 Qg5+ 34. Kh2 Nd2 35. Qd1 Qh4 36. Qe2 f3 37. Qe3 Qxh5 38. Bh6 Nxc4 39. Qc1 Rd2 40. Bxd2 Nxd2 41. Qxd2 Qh4 42. Rg4 Qf6 43. Qd5+ Ke8 44. Rg8+ Bf8 45. Qa8+ Ke7 46. Qb7+ Ke8 47. Rg4 Qd6 48. Qc8+ Qd8 49. Qc6+ Qd7 50. Qxa6 c4 51. Qxc4 Qd6 52. a5 Qd2 53. Kg3 Qd1 54. a6 Qg1+ 55. Kxf3 Qh1+ 56. Ke2 Qb1 57. Rg3 Qb2+ 58. Kf1 Qc3 1-0

[Event "Minsk rapid op3"]
[Site "Minsk"]
[Date "2018.06.29"]
[Round "2"]
[White "Vasiliev, Maxim"]
[Black "Grebeniuk, Semen"]
[Result "0-1"]
[WhiteElo "2010"]
[BlackElo "2323"]
[PlyCount "50"]
[EventDate "2018.06.29"]
[EventType "swiss (rapid)"]
[EventRounds "9"]
[EventCountry "BLR"]
[SourceTitle "EXT 2021"]
[Source "ChessBase"]
[SourceDate "2020.10.23"]
[SourceVersion "1"]
[SourceVersionDate "2020.10.23"]
[SourceQuality "1"]

1. e4 d5 2. exd5 Qxd5 3. Nc3 Qa5 4. d4 Nf6 5. Nf3 Bg4 6. Bc4 Nc6 7. h3 Bh5 8. g4 Bg6 9. Ne5 Nxe5 10. dxe5 Qxe5+ 11. Be3 e6 12. Qf3 Ne4 13. Bf4 Qa5 14. 0-0 Nd6 15. Bb3 0-0-0 16. Rad1 h5 17. g5 h4 18. Rfe1 Bh5 19. Qe3 Bxd1 20. Rxd1 Be7 21. Re1 Qf5 22. Ba4 Kb8 23. Qc1 Qxh3 24. Re5 Qg4+ 25. Kh1 h3 0-1

[Event "Sochi ChessAmateur op"]
[Site "Sochi"]
[Date "2018.04.05"]
[Round "7"]
[White "Vasiliev, Maxim"]
[Black "Ivanov, Alexander V1111"]
[Result "1-0"]
[WhiteElo "1871"]
[BlackElo "2056"]
[PlyCount "76"]
[EventDate "2018.04.01"]
[EventType "swiss"]
[EventRounds "9"]
[EventCountry "RUS"]
[SourceTitle "CBM 184 Extra"]
[Source "ChessBase"]
[SourceDate "2018.06.28"]
[SourceVersion "1"]
[SourceVersionDate "2018.06.28"]
[SourceQuality "1"]

1. e4 e5 2. Nc3 Nf6 3. Bc4 Bc5 4. f4 d6 5. d3 Ng4 6. f5 Qh4+ 7. g3 Qh5 8. h3 Bxg1 9. Rxg1 Qxh3 10. Qf3 Nf6 11. Nd5 Nc6 12. c3 Nxd5 13. Rh1 Qxh1+ 14. Qxh1 Nb6 15. Bb3 Bd7 16. Be3 Na5 17. Qh5 Nxb3 18. axb3 a6 19. Qg5 Rg8 20. Bxb6 cxb6 21. Ke2 h6 22. Qe3 b5 23. Qb6 Bc6 24. Qc7 Rd8 25. c4 Rd7 26. Qb6 Ke7 27. Rh1 Rc8 28. Qe3 Rb8 29. Qf3 f6 30. Qg4 Kd8 31. Qf3 bxc4 32. bxc4 b5 33. b3 bxc4 34. bxc4 a5 35. Ke3 a4 36. Qe2 Rb3 37. Qd2 Ra7 38. Qc2 Rb6 1-0

[Event "Sochi ChessAmateur op"]
[Site "Sochi"]
[Date "2018.04.04"]
[Round "5"]
[White "Vasiliev, Maxim"]
[Black "Fedotov, Alexey"]
[Result "1-0"]
[WhiteElo "1871"]
[BlackElo "2158"]
[PlyCount "139"]
[EventDate "2018.04.01"]
[EventType "swiss"]
[EventRounds "9"]
[EventCountry "RUS"]
[SourceTitle "CBM 184 Extra"]
[Source "ChessBase"]
[SourceDate "2018.06.28"]
[SourceVersion "1"]
[SourceVersionDate "2018.06.28"]
[SourceQuality "1"]

1. e4 c6 2. d4 d5 3. Nc3 dxe4 4. Nxe4 Nf6 5. Nxf6+ gxf6 6. c3 Bf5 7. Nf3 Nd7 8. g3 Qb6 9. Qe2 Bg7 10. Bg2 0-0 11. 0-0 Rfe8 12. Be3 Qc7 13. Nh4 Bg6 14. Qg4 e6 15. Nxg6 fxg6 16. h4 e5 17. dxe5 Nxe5 18. Qa4 Qf7 19. Bd4 Nc4 20. Qb3 Re2 21. Rfe1 Rxb2 22. Qd1 Rd8 23. Qc1 f5 24. Bc5 Rdd2 25. Re7 Qf6 26. Re8+ Kf7 27. Re7+ Qxe7 28. Bxe7 Kxe7 29. Rb1 Rxa2 30. Rxb7+ Kf8 31. Qe1 Re2 32. Qb1 Nd6 33. Qb4 Rad2 34. Rd7 Be5 35. Qb8+ Ne8 36. Qxa7 Rxd7 37. Qxd7 Bxc3 38. Bxc6 Re1+ 39. Kg2 Bg7 40. h5 Re7 41. Qc8 Kf7 42. Bd5+ Kf8 43. Bb3 Bh6 44. Qc6 Kg7 45. Qc5 Bg5 46. g4 gxh5 47. Qxf5 Bf6 48. g5 Bb2 49. Qd5 Kg6 50. Bd1 Be5 51. Qe4+ Kxg5 52. f4+ Kf6 53. fxe5+ Rxe5 54. Qd4 Ng7 55. Bc2 Nf5 56. Bxf5 Kxf5 57. Qd7+ Kg5 58. Qg7+ Kf4 59. Kf2 Rf5 60. Qxh7 Kg4+ 61. Kg2 Kh4 62. Qc7 Rg5+ 63. Kf3 Rf5+ 64. Ke4 Rf2 65. Ke3 Rf5 66. Qg7 Rg5 67. Qf6 Kg4 68. Qf4+ Kh3 69. Qxg5 h4 70. Kf2 1-0

[Event "Sochi ChessAmateur op"]
[Site "Sochi"]
[Date "2018.04.01"]
[Round "1"]
[White "Obgolts, Erik"]
[Black "Vasiliev, Maxim"]
[Result "1-0"]
[WhiteElo "2235"]
[BlackElo "1871"]
[PlyCount "85"]
[EventDate "2018.04.01"]
[EventType "swiss"]
[EventRounds "9"]
[EventCountry "RUS"]
[SourceTitle "CBM 184 Extra"]
[Source "ChessBase"]
[SourceDate "2018.06.28"]
[SourceVersion "1"]
[SourceVersionDate "2018.06.28"]
[SourceQuality "1"]

1. Nf3 Nf6 2. b3 g6 3. Bb2 Bg7 4. e3 0-0 5. Be2 c5 6. 0-0 Nc6 7. d4 Ne4 8. Nbd2 Nxd2 9. Qxd2 cxd4 10. exd4 d5 11. Rfe1 Bf5 12. c3 Qa5 13. a4 Rac8 14. Bb5 Qb6 15. c4 dxc4 16. bxc4 Qc7 17. Bxc6 bxc6 18. Ba3 Bf6 19. Bc5 Rb8 20. Qe3 Be6 21. Rac1 Qa5 22. Qa3 Rb7 23. Ne5 Qa6 24. Nd3 Rd7 25. Nb4 Qc8 26. d5 cxd5 27. cxd5 Bxd5 28. Nxd5 Rxd5 29. Bxa7 Qb7 30. Qf3 Rfd8 31. Bc5 Qb2 32. h3 Qd2 33. Bb6 R8d7 34. a5 Bd4 35. Rcd1 Qb4 36. Rb1 Qd2 37. Re2 Qg5 38. Ra2 Bxb6 39. axb6 Rb5 40. Ra8+ Kg7 41. Qc3+ f6 42. Re1 Rxb6 43. Qc8 1-0

[Event "Sochi Doroshkevich Amateur op"]
[Site "Sochi"]
[Date "2017.12.27"]
[Round "8"]
[White "Vasiliev, Maxim"]
[Black "Shamba, Leon"]
[Result "1-0"]
[WhiteElo "1864"]
[BlackElo "1511"]
[PlyCount "51"]
[EventDate "2017.12.21"]
[EventType "swiss"]
[EventRounds "9"]
[EventCountry "RUS"]
[SourceTitle "CBM 182 Extra"]
[Source "ChessBase"]
[SourceDate "2018.02.23"]
[SourceVersion "1"]
[SourceVersionDate "2018.02.23"]
[SourceQuality "1"]

1. e4 e5 2. Nc3 Nf6 3. Bc4 Bc5 4. f4 d6 5. d3 Nc6 6. Nf3 Bg4 7. Na4 Bb6 8. Nxb6 axb6 9. c3 0-0 10. 0-0 d5 11. exd5 Nxd5 12. h3 Bxf3 13. Qxf3 Nxf4 14. Bxf4 exf4 15. Qxf4 Qd6 16. Bxf7+ Kh8 17. Qxd6 cxd6 18. d4 g6 19. Bd5 Rxf1+ 20. Rxf1 Ne7 21. Bb3 Nf5 22. g4 Nh6 23. Re1 Ng8 24. Re6 Rd8 25. Bd5 Kg7 26. Bxb7 1-0

[Event "Nezhmetdinov Memorial 39th"]
[Site "Kazan"]
[Date "2017.06.05"]
[Round "6"]
[White "Chemborisova, Elina"]
[Black "Vasiliev, Maxim"]
[Result "1-0"]
[WhiteElo "1914"]
[BlackElo "1779"]
[PlyCount "103"]
[EventDate "2017.05.31"]
[EventType "swiss"]
[EventRounds "9"]
[EventCountry "RUS"]
[SourceTitle "EXT 2018"]
[Source "ChessBase"]
[SourceDate "2017.10.13"]
[SourceVersion "1"]
[SourceVersionDate "2017.10.13"]
[SourceQuality "1"]

1. e4 c5 2. Nf3 Nc6 3. d4 cxd4 4. Nxd4 g6 5. Nc3 Bg7 6. Nde2 Nf6 7. g3 0-0 8. Bg2 d6 9. 0-0 Bd7 10. h3 a6 11. a4 Rc8 12. Nd5 Nxd5 13. exd5 Ne5 14. Ra2 Qc7 15. b3 Bf5 16. Nd4 Nd7 17. Nxf5 gxf5 18. Qf3 Nf6 19. Qxf5 Qc3 20. Be3 Rfd8 21. Rd1 Nd7 22. Be4 Nf6 23. Bd4 Qb4 24. Bxf6 Bxf6 25. Qxh7+ Kf8 26. Bf5 Rc5 27. Qh6+ Bg7 28. Qe3 Be5 29. h4 Rc3 30. Rd3 Rxd3 31. Bxd3 Rc8 32. a5 Rc5 33. Ra4 Qc3 34. Rg4 Rxa5 35. Qb6 Ra1+ 36. Kg2 Qc8 37. Rb4 a5 38. Qxb7 Qxb7 39. Rxb7 a4 40. bxa4 Rxa4 41. h5 Rd4 42. h6 f5 43. Bxf5 Kf7 44. Be6+ Kg6 45. Rxe7 Kxh6 46. Rc7 Rd2 47. Rf7 Rxc2 48. Kh3 Bd4 49. f4 Rc3 50. Bf5 Bg7 51. Rd7 Kh5 52. Rxg7 1-0

[Event "Nezhmetdinov Memorial 39th"]
[Site "Kazan"]
[Date "2017.05.31"]
[Round "1"]
[White "Dobrocmyslov, Artem"]
[Black "Vasiliev, Maxim"]
[Result "1-0"]
[WhiteElo "2178"]
[BlackElo "1779"]
[PlyCount "83"]
[EventDate "2017.05.31"]
[EventType "swiss"]
[EventRounds "9"]
[EventCountry "RUS"]
[SourceTitle "EXT 2018"]
[Source "ChessBase"]
[SourceDate "2017.10.13"]
[SourceVersion "1"]
[SourceVersionDate "2017.10.13"]
[SourceQuality "1"]

1. d4 c5 2. d5 Nf6 3. c4 b5 4. cxb5 a6 5. b6 d6 6. Nc3 Nbd7 7. e4 g6 8. a4 a5 9. Nf3 Nxb6 10. Be2 Bg7 11. 0-0 0-0 12. Bf4 Ne8 13. Qc2 Nc7 14. Rab1 f5 15. e5 Bb7 16. exd6 exd6 17. Bg5 Qd7 18. Qb3 Rfb8 19. Qxb6 Bxd5 20. Nxd5 Nxd5 21. Qxb8+ Rxb8 22. Bc4 h6 23. Bc1 Qxa4 24. Bxd5+ Kh7 25. h4 Qc2 26. Ra1 a4 27. Ne1 Qd1 28. Bf3 Qd4 29. h5 Qc4 30. hxg6+ Kxg6 31. Bc6 Rb4 32. Nf3 Qg4 33. Rd1 Bd4 34. Ra3 h5 35. Rdd3 h4 36. Be3 h3 37. Nxd4 cxd4 38. Bxd4 f4 39. Bc3 Rb6 40. Be8+ Kh6 41. Rxh3+ Kg5 42. Rh5+ 1-0

[Event "RSSS-ch"]
[Site "Ekaterinburg"]
[Date "2014.09.27"]
[Round "5"]
[White "Vasiliev, Maxim"]
[Black "Chushev, Vladimir"]
[Result "0-1"]
[WhiteElo "1761"]
[BlackElo "2128"]
[PlyCount "38"]
[EventDate "2014.09.23"]
[EventType "swiss"]
[EventRounds "9"]
[EventCountry "RUS"]
[SourceTitle "EXT 2015"]
[Source "ChessBase"]
[SourceDate "2014.11.20"]
[SourceVersion "1"]
[SourceVersionDate "2014.11.20"]
[SourceQuality "1"]

1. e4 c5 2. Nf3 Nc6 3. Nc3 Nf6 4. d4 cxd4 5. Nxd4 e6 6. Ndb5 Bb4 7. Nd6+ Ke7 8. Nxc8+ Rxc8 9. Bd3 Ne5 10. 0-0 a6 11. Bf4 Ng6 12. Be3 Qc7 13. f4 h5 14. Qf3 Bc5 15. Bxc5+ Qxc5+ 16. Kh1 h4 17. e5 Nh5 18. Ne4 Qb6 19. Nd6 Ng3+ 0-1

[Event "RSSS-ch"]
[Site "Ekaterinburg"]
[Date "2014.09.24"]
[Round "2"]
[White "Vasiliev, Maxim"]
[Black "Chernov, Mikhail"]
[Result "0-1"]
[WhiteElo "1761"]
[BlackElo "2202"]
[PlyCount "78"]
[EventDate "2014.09.23"]
[EventType "swiss"]
[EventRounds "9"]
[EventCountry "RUS"]
[SourceTitle "EXT 2015"]
[Source "ChessBase"]
[SourceDate "2014.11.20"]
[SourceVersion "1"]
[SourceVersionDate "2014.11.20"]
[SourceQuality "1"]

1. e4 e6 2. Qe2 c5 3. Nf3 Nc6 4. g3 g6 5. Bg2 Bg7 6. c3 Nge7 7. 0-0 0-0 8. d3 d5 9. e5 Qc7 10. Bf4 b5 11. Nbd2 Rb8 12. Rfe1 a5 13. Nf1 c4 14. d4 b4 15. h4 a4 16. Rac1 Qa5 17. Qd2 a3 18. bxa3 Qxa3 19. N1h2 Ra8 20. Re2 bxc3 21. Rxc3 Qb4 22. Qc1 Nf5 23. Rb2 Qa5 24. Qd2 Nb4 25. g4 Ne7 26. Bg5 Nec6 27. a3 Nd3 28. Rbc2 Qb6 29. Be3 Qb1+ 30. Bf1 Na5 31. Kg2 Nb3 32. Qe2 Rxa3 33. g5 Bb7 34. Ng4 Rfa8 35. Nf6+ Kh8 36. Kg3 Ra2 37. Bh3 Nb4 38. Nd2 Rxc2 39. Qf3 Qg1+ 0-1

[Event "Novosibirsk Sukharev Memorial op"]
[Site "Novosibirsk"]
[Date "2012.07.24"]
[Round "8"]
[White "Makarov, Dmitry"]
[Black "Vasiliev, Maxim"]
[Result "1-0"]
[WhiteElo "1776"]
[BlackElo "1680"]
[PlyCount "43"]
[EventDate "2012.07.18"]
[EventType "swiss"]
[EventRounds "9"]
[EventCountry "RUS"]
[SourceTitle "EXT 2013"]
[Source "ChessBase"]
[SourceDate "2012.11.22"]
[SourceVersion "1"]
[SourceVersionDate "2012.11.22"]
[SourceQuality "1"]

1. d4 Nf6 2. c4 c5 3. d5 b5 4. cxb5 a6 5. b6 Qxb6 6. Nc3 g6 7. e4 d6 8. Nf3 Bg7 9. Be2 0-0 10. 0-0 Nbd7 11. Qc2 Bb7 12. h3 e6 13. Rd1 exd5 14. exd5 Rfe8 15. Bf4 Re7 16. Nd2 Ne5 17. Bxe5 dxe5 18. Nc4 Qd8 19. Bf3 Nd7 20. d6 Bxf3 21. dxe7 Qxe7 22. gxf3 1-0

[Event "Novosibirsk Sukharev Memorial op"]
[Site "Novosibirsk"]
[Date "2012.07.22"]
[Round "5"]
[White "Okishev, Vladimir"]
[Black "Vasiliev, Maxim"]
[Result "1/2-1/2"]
[WhiteElo "1905"]
[BlackElo "1680"]
[PlyCount "62"]
[EventDate "2012.07.18"]
[EventType "swiss"]
[EventRounds "9"]
[EventCountry "RUS"]
[SourceTitle "EXT 2013"]
[Source "ChessBase"]
[SourceDate "2012.11.22"]
[SourceVersion "1"]
[SourceVersionDate "2012.11.22"]
[SourceQuality "1"]

1. e4 c5 2. Nc3 Nc6 3. g3 g6 4. Bg2 Bg7 5. Nge2 e6 6. d3 Nge7 7. 0-0 0-0 8. Nf4 d6 9. h4 e5 10. Nfd5 Nd4 11. Nxe7+ Qxe7 12. Nd5 Qd8 13. c3 Nc6 14. Bg5 f6 15. Bd2 Be6 16. h5 Qd7 17. hxg6 hxg6 18. f3 Kf7 19. Kf2 Rh8 20. Rh1 Bh3 21. Qe2 Rh7 22. g4 Rah8 23. Qf1 Bxg2 24. Qxg2 Ne7 25. Nxe7 Kxe7 26. c4 Kd8 27. b3 Bh6 28. Bxh6 Rxh6 29. Rxh6 Rxh6 30. g5 Rh5 31. gxf6 Qh7 1/2-1/2

[Event "Novosibirsk Sukharev Memorial op"]
[Site "Novosibirsk"]
[Date "2012.07.20"]
[Round "3"]
[White "Vasiliev, Maxim"]
[Black "Bychkova, Alina"]
[Result "1/2-1/2"]
[WhiteElo "1680"]
[BlackElo "1884"]
[PlyCount "62"]
[EventDate "2012.07.18"]
[EventType "swiss"]
[EventRounds "9"]
[EventCountry "RUS"]
[SourceTitle "EXT 2013"]
[Source "ChessBase"]
[SourceDate "2012.11.22"]
[SourceVersion "1"]
[SourceVersionDate "2012.11.22"]
[SourceQuality "1"]

1. e4 c5 2. Nf3 d6 3. d4 cxd4 4. Nxd4 Nf6 5. Nc3 a6 6. Be3 e5 7. Nb3 Be6 8. f3 Be7 9. Qd2 Nbd7 10. 0-0-0 0-0 11. g4 b5 12. g5 Ne8 13. f4 exf4 14. Bxf4 Nb6 15. h4 Nc7 16. Bxd6 Bxd6 17. Qxd6 Qxd6 18. Rxd6 Nc4 19. Bxc4 Bxc4 20. Rhd1 Ne6 21. Nd2 Rfc8 22. Nd5 Bxd5 23. Rxd5 Nf4 24. Rd7 Ng2 25. Nf3 g6 26. Re7 Ne3 27. Rd2 Rc5 28. Red7 Kg7 29. Re2 Nc4 30. b3 Ne5 31. Nxe5 Rxe5 1/2-1/2